000 00604nam a22001937a 4500
005 20231128103526.0
008 231128b |||||||| |||| 00| 0 eng d
020 _a9780702159299
041 _aEnglish
082 _a340.1 BOT
100 _aBotha, C
_lEnglish
245 _aStatutory Interpretation :
_bAn introduction for students /
_cC Botha
250 _aFourth Edition
260 _aCape Town :
_bJuta and Company Ltd,
_c2005
300 _bxviii, 169 pages ;
_c25,5 cm.
650 _aLegal practice
_bLaw
700 _aLegal practice
_cLaw
942 _cBK
_6ALISON_BN_VRIES
999 _c1000
_d1000